00573cam a22002291 4500001001300000003000400013005001700017008004100034010001700075035002000092040001800112042001200130050002100142100002600163245003700189260001100226300001900237500001300256504003100269600002600300999001700326sa 67004400 DLC20260227112346.0900122s1963 ii b 000 0 brao  asa 67004400  a(OCoLC)20940951 aDLCcWaUdDLC apremarc00aPK1967.9.S4bZ771 aMisra, Durga Shankar.10aSenāpati aura unakā kāvya. c[1963] a207 p.c19 cm. aIn Braj. aBibliographical footnotes.10aSenāpati,dfl 1649. c74448d74448